000 00399nam a2200169Ia 4500
001 12324
003 IN-NITTTR
005 20251114233115.0
008 251113s9999||||xx |||||||||||||| ||eng||
040 _beng
040 _cIN-NITTTR
041 _aeng
082 _a519.5024658 L579S
100 _aLevin, Richard I.
245 0 _aStatistics for management /
_cLevin, Richard I.
942 _2ddc
_cBK
999 _c14960
_d14960